Microeconomic theory and applications (Record no. 941)

MARC details
000 -LEADER
fixed length control field 00793 a2200205 4500
008 - FIXED-LENGTH DATA ELEMENTS--GENERAL INFORMATION
fixed length control field 080821t xxu||||| |||| 00| 0 eng d
010 ## - LIBRARY OF CONGRESS CONTROL NUMBER
LC control number ENG-85040
020 ## - INTERNATIONAL STANDARD BOOK NUMBER
International Standard Book Number 8180545229
Terms of availability 120.00
035 ## - SYSTEM CONTROL NUMBER
System control number EN-68573
037 ## - SOURCE OF ACQUISITION
Source of stock number/acquisition D.B.Act / Pub
082 ## - DEWEY DECIMAL CLASSIFICATION NUMBER
Classification number 338.5
100 ## - MAIN ENTRY--PERSONAL NAME
Personal name Deepashree
245 ## - TITLE STATEMENT
Title Microeconomic theory and applications
Statement of responsibility, etc by Deepashree
260 ## - PUBLICATION, DISTRIBUTION, ETC. (IMPRINT)
Place of publication, distribution, etc New Delhi
Name of publisher, distributor, etc Sultan Chand and Sons
Date of publication, distribution, etc 2007 (rpr)
270 ## - ADDRESS
Address 23, Darya Ganj,
City New Delhi
State or province Delhi
Postal code 110002
Telephone number 23266105
Fax number 23266357
300 ## - PHYSICAL DESCRIPTION
Extent various pagings
Dimensions 22 cm (Pbk)
650 ## - SUBJECT ADDED ENTRY--TOPICAL TERM
Topical term or geographic name as entry element Microeconomic theory
942 ## - ADDED ENTRY ELEMENTS (KOHA)
Institution code [OBSOLETE] dpl
Koha item type English Books
Call number prefix 338.5 / DEE
Source of classification or shelving scheme Dewey Decimal Classification
Classification part 338.5
Call number suffix DEE
Holdings
Withdrawn status Lost status Damaged status Not for loan Home library Current library Date acquired Cost, normal purchase price Total Checkouts Full call number Barcode Date last seen Copy number Uniform Resource Identifier Cost, replacement price Price effective from Koha item type
        D.B.Act.Division D.B.Act.Division 21/08/2008 120.00   338.5 DEE EN-68573 15/09/2008 1 1003 120.00 15/09/2008 English Books

© Delhi Public Library
Hit Counter
free hit counter